Probability and Statistics (Record no. 478584)

000 -LEADER
fixed length control field 00494nam a22001817a 4500
003 - CONTROL NUMBER IDENTIFIER
control field NUST
005 - DATE AND TIME OF LATEST TRANSACTION
control field 20180605062926.0
008 - FIXED-LENGTH DATA ELEMENTS--GENERAL INFORMATION
fixed length control field 180605b ||||| |||| 00| 0 eng d
020 ## - INTERNATIONAL STANDARD BOOK NUMBER
International Standard Book Number 9789332573871
038 ## - RECORD CONTENT LICENSOR
Staff Name SNS Library
082 ## - DEWEY DECIMAL CLASSIFICATION NUMBER
Classification number 519.2 DEG 2016
100 ## - MAIN ENTRY--PERSONAL NAME
Personal name Morris DeGroot , Mark Sehervish
9 (RLIN) 10988
245 ## - TITLE STATEMENT
Title Probability and Statistics
Statement of responsibility, etc. Morris DeGroot , Mark Sehervish
250 ## - EDITION STATEMENT
Edition statement 4th Ed.
260 ## - PUBLICATION, DISTRIBUTION, ETC.
Place of publication, distribution, etc. India
Name of publisher, distributor, etc. Pearson
Date of publication, distribution, etc. 2016
300 ## - PHYSICAL DESCRIPTION
Extent 829 P.
Other physical details Pb.
942 ## - ADDED ENTRY ELEMENTS (KOHA)
Source of classification or shelving scheme
Koha item type Book
Holdings
Withdrawn status Lost status Source of classification or shelving scheme Damaged status Not for loan Permanent Location Current Location Date acquired Total Checkouts Total Renewals Full call number Barcode Date last seen Date last checked out Price effective from Koha item type
          School of Natural Sciences (SNS) School of Natural Sciences (SNS) 06/05/2018 3 2 519.2 DEG 2016 SNS0002562 11/22/2021 11/01/2021 06/05/2018 Book
© 2023 Central Library, National University of Sciences and Technology. All Rights Reserved.